01086cam a2200241 a 4500020001500000082001800015100002600033245012000059260004700179300003300226500013500259526003700394650005600431650006400487650004100551650004100592650005000633650001300683710002200696942001200718999001900730952009500749 a082133290200a363.7bMAIcD1 aMason, Jocelyn.9577010aMainstreaming the environment :bthe World Bank Group and the environment since the Rio Earth Summit : fiscal 1995. aWashington, D.C. :bThe World Bank,c1995. axv, 301 p. :bill. ;c23 cm. a"This report was prepared by the Environment Department of the World Bank... the principal author was Jocelyn Mason"--T. p. verso. a0b0c0d363_700000000000000_MAI 0aAgriculture and statexEnvironmental aspects.95775 0aEconomic development projectsxEnvironmental aspects.95773 0aEnvironmental impact analysis.95774 0aEnvironmental impact analysis.95774 0aEnvironmental policyxEconomic aspects.95381 0aMCE93792 aWorld Bank.94999 2ddccBK c542773d542773 00102ddc4070aMCEbMCEd2014-02-17l0o363.7 MAIpMCE-42474r2014-02-17w2014-02-17yBK